Alborada: libro de lectura para 2º grado

Gespeichert in:
Bibliographische Detailangaben
1. Verfasser: Berrutti, José J. Autor, ex Inspector General de Escuelas
Format: keine Angabe
Sprache:Spanisch
Erschienen: Buenos Aires,Argentina Estrada f
Ausgabe:
Katalog:MANES:  Suchergebnis im Bibliothekskatalog
Schulbuchspezifische Eigenschaften:
Tags: Tag hinzufügen
Keine Tags, Fügen Sie den ersten Tag hinzu!
Hinzugefügt zu:26.04.2016
Geändert in:30.01.2026

MARC

LEADER 000000000a22000000004500
001 22144
003 OSt
005 20260130093738.0
008 160427s sp ||||| |||| 00| 0 spa d
041 1 |a spa 
040 |c centro_manes 
690 |a EyL 
691 7 |a PRI 
100 1 |a Berrutti, José J.  |b Autor, ex Inspector General de Escuelas  |9 14807 
245 0 0 |a Alborada: libro de lectura para 2º grado 
250 |a 9ª 
260 3 |a Buenos Aires,Argentina  |b Estrada  |c f 
300 |a 106 p.  |c 21 x 16 cm 
500 |a El término Buenos Aires, que figura en el libro, hace referencia a la Ciudad de Buenos Aires. Aprobado por el Honorable Consejo Nacional de Educación. Precio $ 0,75. Tapa dura.Se encuentran dos ejemplares de la misma edición. 
942 |2 ddc  |c BK 
546 |a Argentina 
999 |c 27421  |d 27421 
999 |c manes:27421  |d 27421